000 00644nmm a2200217Ia 4500
008 251105s9999||||xx |||||||||||||||||und||
020 _a9789587169218
041 _aspa
100 _aMoreno Restrepo, Amalia
245 0 _aMoradas interiores
264 _a[Bogotá, Colombia] :
_bEditorial Pontificia Universidad Javeriana,
_c2016
300 _a128 páginas
490 _aPoesía
650 _aLatin American poetry
700 _aMoreno Restrepo, Amalia
700 1 _a Guerrero, María Paz
700 1 _a Ganitsky, Tania
700 1 _a Gómez Lara, María
856 _uhttps://public.digitaliapublishing.com/a/46977
942 _cCF
999 _c69062
_d69062